[Event "Udaipur Pandiyar op 8th"]
[Site "Udaipur"]
[Date "2023.10.15"]
[Round "1"]
[White "Srivastava, YP."]
[Black "Rani, Puja"]
[Result "1-0"]
[WhiteElo "1963"]
[BlackElo "1228"]
[PlyCount "61"]
[EventDate "2023.10.15"]
[EventType "swiss"]
[EventRounds "9"]
[EventCountry "IND"]
[SourceTitle "Mega2024 Update 01"]
[Source "Chessbase"]
[SourceDate "2023.11.12"]
[SourceVersion "1"]
[SourceVersionDate "2023.11.12"]
[SourceQuality "1"]

1. e4 e5 2. Nf3 Nc6 3. Bc4 Bc5 4. 0-0 Nf6 5. d4 exd4 6. e5 d5 7. exf6 dxc4 8. Re1+ Be6 9. fxg7 Rg8 10. Bg5 Qd5 11. Nc3 Qf5 12. Ne4 Be7 13. Bxe7 Nxe7 14. Qxd4 Nd5 15. Ng3 Qg6 16. Qxd5 c6 17. Qxc4 0-0-0 18. Qa4 a6 19. Qf4 Rxg7 20. c4 h5 21. h4 Rdg8 22. b3 Qc2 23. Ng5 Rg6 24. Re2 Qc3 25. Rae1 Qg7 26. Nxh5 Qh8 27. Ng3 Rf6 28. Qd4 Qh6 29. Re4 Rd8 30. Qe3 Qg7 31. Nh5 1-0

[Event "Goodricke op 05th"]
[Site "Kolkata"]
[Date "1994.??.??"]
[Round "4"]
[White "Srivastava, YP."]
[Black "Crouch, Colin S"]
[Result "0-1"]
[WhiteElo "2290"]
[BlackElo "2410"]
[PlyCount "76"]
[EventDate "1994.02.??"]
[EventType "swiss"]
[EventRounds "11"]
[EventCountry "IND"]
[SourceTitle "CBM 039 Extra"]
[Source "ChessBase"]
[SourceDate "1994.05.01"]
[SourceVersion "1"]
[SourceVersionDate "1994.05.01"]
[SourceQuality "1"]

1. d4 d5 2. c4 e6 3. Nc3 Nf6 4. Nf3 Bb4 5. Bg5 dxc4 6. e4 c5 7. Bxc4 cxd4 8. Nxd4 Bxc3+ 9. bxc3 Qa5 10. Bxf6 gxf6 11. Nb5 a6 12. Nd6+ Ke7 13. 0-0 Nc6 14. Bb3 Rd8 15. Nxc8+ Raxc8 16. Qe2 Qxc3 17. Qh5 Qe5 18. Qh4 Nd4 19. Rae1 Qg5 20. Qh3 Rg8 21. Bd1 Rc3 22. Re3 Rxe3 23. fxe3 Nc6 24. Be2 Rd8 25. Rb1 Rd7 26. Qf3 Qe5 27. a4 Qc3 28. h3 Ne5 29. Qf2 Rc7 30. Kh1 Nd7 31. Qg3 Qe5 32. Qh4 Qg5 33. Qxh7 Qxe3 34. Qh5 Qxe4 35. Re1 Ne5 36. Qh8 Rc2 37. Rd1 Nd7 38. Bf3 Qxa4 0-1

[Event "Goodricke op 04th"]
[Site "Kolkata"]
[Date "1993.??.??"]
[Round "5"]
[White "Gufeld, Eduard"]
[Black "Srivastava, YP."]
[Result "1-0"]
[WhiteElo "2480"]
[BlackElo "2250"]
[PlyCount "50"]
[EventDate "1993.02.??"]
[EventType "swiss"]
[EventRounds "11"]
[EventCountry "IND"]
[SourceTitle "EXT 1998"]
[Source "ChessBase"]
[SourceDate "1997.11.17"]
[SourceVersion "1"]
[SourceVersionDate "1997.11.17"]
[SourceQuality "1"]

1. e4 e6 2. d4 d5 3. Nd2 dxe4 4. Nxe4 Nd7 5. Nf3 Ngf6 6. Nxf6+ Nxf6 7. Bd3 Be7 8. 0-0 0-0 9. Ne5 c5 10. dxc5 Qc7 11. Re1 Qxc5 12. Qf3 Nd7 13. Bf4 Nxe5 14. Rxe5 Qc6 15. Bxh7+ Kxh7 16. Rh5+ Kg8 17. Qh3 f6 18. Rh8+ Kf7 19. Qh5+ g6 20. Qh7+ Ke8 21. Qxg6+ Kd8 22. Rd1+ Bd7 23. Rxf8+ Bxf8 24. Qxf6+ Ke8 25. Qg6+ Kd8 1-0

[Event "Goodricke op 04th"]
[Site "Kolkata"]
[Date "1993.??.??"]
[Round "9"]
[White "Sahu, Sekhar Chandra"]
[Black "Srivastava, YP."]
[Result "1-0"]
[WhiteElo "2390"]
[BlackElo "2250"]
[PlyCount "51"]
[EventDate "1993.02.??"]
[EventType "swiss"]
[EventRounds "11"]
[EventCountry "IND"]
[SourceTitle "EXT 1998"]
[Source "ChessBase"]
[SourceDate "1997.11.17"]
[SourceVersion "1"]
[SourceVersionDate "1997.11.17"]
[SourceQuality "1"]

1. e4 e6 2. d4 d5 3. Nc3 Bb4 4. e5 c5 5. a3 Bxc3+ 6. bxc3 Nc6 7. Nf3 f6 8. Bb5 Bd7 9. a4 Qc7 10. 0-0 fxe5 11. Bxc6 Bxc6 12. Nxe5 Nf6 13. Bf4 Qa5 14. Nxc6 bxc6 15. Bd6 cxd4 16. Qe2 Kd7 17. Bg3 Ne4 18. Qg4 Rhe8 19. Rab1 Qa6 20. cxd4 g6 21. c4 Nxg3 22. fxg3 Rab8 23. Rxb8 Rxb8 24. Rf7+ Kd8 25. Qxe6 Rb1+ 26. Kf2 1-0